| 000 | 00763nam a2200265Ia 4500 | ||
|---|---|---|---|
| 003 | GCL | ||
| 008 | 140319s9999 xx 000 0 ara d | ||
| 040 |
_aGCL / _cGCL |
||
| 082 | 0 | 4 |
_a330.1 _bا ت |
| 100 | 1 | _aسهير محمد السيد حسن | |
| 245 | 1 | 0 |
_aتطور الفكر والوقائع المصرية / _cسهير محمد السيد حسن |
| 700 | 1 | _aاحمد فريد مصطفى | |
| 260 |
_a[S.N] : _bمؤسسة شباب الجامعة ، _c1985 |
||
| 300 | _a352 ص | ||
| 490 | _a | ||
| 650 | 0 | 4 | _aمصر |
| 650 | 0 | 4 | _aتاريخ |
| 650 | 0 | 4 | _aالاقتصاد |
| 650 | 0 | 4 | _aفلسفة |
| 650 | 0 | 4 | _aالاشتراكية |
| 650 | 0 | 4 | _aالصناعة |
| 650 | 0 | 4 | _aمدارس |
| 650 | 0 | 4 | _aالراسمالية |
| 942 |
_2ddc _cBK |
||
| 999 |
_c30626 _d30626 |
||